000 00598cam a2200217 4500
008 090401t1988 xxu||||| |||| 00| 0 eng d
020 _a0333444949
035 _a(Sirsi) u69586
041 _aeng
050 _a333.33025
110 _aRoyal Institution of Chartered Surveyors
_94900
245 _aDirectory 1989
260 _aBasingstoke
_bMacMillan
_c1988
300 _a2v. ; 25cm.
350 _a8.95
520 _aVolume one is List of Members; volume two is Geographical Directory.
650 _aABOUT RICS-RICS MEMBERS
650 _aDIRECTORIES
942 _n0
948 _c04/03/1997
999 _c95214
_d95214